000 00965nas a2200301 4500
001 BR2015001462
003 BR-BrBNA
005 20231205125105.0
007 ta
008 230509b bl.|||p| |||| 00| 00por d
040 _aBR-BrBNA
_bpor
_cBiblioteca Nacional de Agricultura
041 _a(Pt)
072 _aQ70
100 1 _aAlmeida, C.B. de
100 1 _aBueno, G.F.
100 1 _aDel Bianchi, V.L.
245 1 _aAvaliação da influência da agitação no tratamento anaeróbio por leito fixo de manipueira
650 _aMANDIOCA
650 _aMANIHOT ESCULENTA
650 _aMANIPUEIRA
650 _aPROCESSAMENTO
650 _aDIGESTAO ANAEROBIA
650 _aAGUAS RESIDUAIS
773 0 _tRevista Raízes e Amidos Tropicais (Brazil)
_xISSN 1808-981X
_g(2010), v. 6(1) p. 11-18
_wBR2015001462
856 4 0 _uhttp://energia.fca.unesp.br/index.php/rat/article/view/1099/449
909 _a202311
_bLúcia
_c55
_dLúcia Elande
942 _2AGRIS
_n0
_cANA
999 _c242574
_d242574